LIBRARY & INFORMATION CENTRE, KCAET, TAVANUR

ONLINE PUBLIC ACCESS CATALOGUE (OPAC)

Engineering mathematics, Vol 2 / (Record no. 9694)

MARC details
000 -LEADER
fixed length control field 00572cam a2200229ua 4500
020 ## - INTERNATIONAL STANDARD BOOK NUMBER
ISBN 81-203-0811-5
041 ## - LANGUAGE CODE
Language code of text/sound track or separate title eng
082 ## - DEWEY DECIMAL CLASSIFICATION NUMBER
Classification number 519.062
Item number SAS/EN
100 ## - MAIN ENTRY--AUTHOR NAME
Personal name Sastry, S S.
245 ## - TITLE STATEMENT
Title Engineering mathematics, Vol 2 /
250 ## - EDITION STATEMENT
Edition statement 2 /
260 ## - PUBLICATION, DISTRIBUTION, ETC. (IMPRINT)
Place of publication New Delhi :
Name of publisher Prentice Hall of India Pvt Ltd. ,
Year of publication 1994.
300 ## - PHYSICAL DESCRIPTION
Number of Pages 658 ; .
500 ## - GENERAL NOTE
General note *CSS
942 ## - ADDED ENTRY ELEMENTS (KOHA)
Koha item type Books
Holdings
Withdrawn status Lost status Damaged status Home library Current library Date acquired Full call number Accession Number Koha item type Shelving location Cost, normal purchase price
      KAUAET KAUAET 07/04/2012 519.062 SAS/EN 18485 Books    
    Damaged KAUAET KAUAET 07/04/2012 519.062 SAS/EN 18684 Books    
      KAUAET KAUAET 07/04/2012 519.062 SAS/EN 18693 Books    
      KAUAET KAUAET 07/04/2012 519.062 SAS/EN 21504 Books    
      KAUAET KAUAET 25/07/2018 519.062 SAS/EN 18466 Book Bank scheme for SC students Scheme  
      KAUAET KAUAET 26/07/2018 519.062 SAS/EN 18938 Book Bank scheme for SC students Scheme  
Withdrawn     KAUAET KAUAET 11/02/2025 519.062 SAS/EN 18939 Books   150.00
free website counter